000 00612nam a2200253 a 4500
001 nice12345678
003 IN_TiNIC
005 20260116011515.0
008 050524s1927 luca grp 000 0 ara
020 _a
_c100
082 0 0 _a297.82
_bHAS
100 _aHassan, Syed Aqa
245 _aTuhfatul Awam.
260 _aLucknow
_bSadiq Book Agency
_c1927
300 _a384p.
500 _aincludes index and biblioraphy
505 2 _aIndex
650 _aIslam-Sects-conflicts-ahmadiyya
650 _aShiah-Doctrines
700 1 _aHassan, Syed Aqa
902 _bSRS
942 _cBK
999 _c2139
_d2139